000 00507nam a2200181Ia 4500
999 _c6500
_d6500
003 OSt
005 20200125111918.0
008 190216s9999||||xx |||||||||||||| ||und||
020 _a0333932927
040 _coclc
082 _a658.404
_bMAY/P
100 _aMaylor, Harvey
_91540
245 0 _aProject Management /
_cHarvey Maylor
260 _bMacmillan India Ltd,
_c2001.
_aNew Delhi:
300 _a251p
650 _aManagement
942 _cBK
_2ddc
_h658.404
_iMAY/P
_k658.404
_mMAY/P